书目信息 |
| 题名: |
宾语和补语
|
|
| 作者: | 徐枢 著 | |
| 分册: | ||
| 出版信息: | 哈尔滨 黑龙江人民出版社 1985 |
|
| 页数: | 196页 | |
| 开本: | 19cm | |
| 丛书名: | 汉语知识丛书 | |
| 单 册: | ||
| 中图分类: | H146.3 , H14 | |
| 科图分类: | ||
| 主题词: | 汉语-宾语 , 宾语-汉语 , 汉语-补语 , 补语-汉语 | |
| 电子资源: | ||
| ISBN: | ||
| 000 | 00702oam2 2200289 450 | |
| 001 | 1561568734 | |
| 005 | 20150120170628.34 | |
| 010 | @dCNY0.90 | |
| 091 | @a9093.40 | |
| 100 | @a19930615d1985 em y0chiy0110 ea | |
| 101 | 0 | @achi |
| 102 | @aCN@b230000 | |
| 105 | @ay z 000yy | |
| 200 | 1 | @a宾语和补语@9bin yu he bu yu@f徐枢著 |
| 210 | @a哈尔滨@c黑龙江人民出版社@d1985 | |
| 215 | @a196页@d19cm | |
| 225 | 2 | @a汉语知识丛书 |
| 461 | 0 | @12001 @a汉语知识丛书 |
| 606 | 0 | @a汉语-宾语 |
| 606 | 0 | @a宾语-汉语 |
| 606 | 0 | @a汉语-补语 |
| 606 | 0 | @a补语-汉语 |
| 690 | @aH146.3@v5 | |
| 690 | @aH14@v4 | |
| 701 | 0 | @a徐枢@9xu shu@4著 |
| 801 | 0 | @aCN@bTSSF@c20150120 |
| 905 | @aZUCC@dH14@eJY31 | |
| 宾语和补语/徐枢著.-哈尔滨:黑龙江人民出版社,1985 |
| 196页;19cm.-(汉语知识丛书) |
| ISBN :CNY0.90 |
| ● |
| 相关链接 |
|
|
|
|
正题名:宾语和补语
索取号:H14/JY31
 
预约/预借
| 序号 | 登录号 | 条形码 | 馆藏地/架位号 | 状态 | 备注 |
| 1 | 7849947 | 278499475 | 学院路分馆/ [索取号:H14/JY31] | 在馆 | |
| 2 | 7849948 | 278499484 | 学院路分馆/ [索取号:H14/JY31] | 在馆 |